• 首页
  • 本馆介绍
  • 公告通知
  • 最新文献
  • 馆藏检索
  • 电子资源
  • 读者导购
  • 参考咨询
  • 我的图书馆
  • 登录
  • 详细信息显示
  • 放入我的书架
  • 预约/预借图书
  • 作者相关作品
  • 分类相关作品
  • 丛书相关作品
  • 出版社相关作品

书目信息

  • 表格格式
  • 工作单格式
  • 卡片格式
题名:
野性的呼唤
    
 
作者: 杰克·伦敦 著 ;辛衍君 , 孙苏宁 译
分册:  
出版信息: 北京   中译出版社  2016
页数: 177页
开本: 23cm
丛书名: 双语名著无障碍阅读丛书
单 册:
中图分类: H319.4:I712.44 , H319.4
科图分类:
主题词: 英语--汉语--对照读物 , 中篇小说--美国--近代
电子资源:
ISBN: 978-7-5001-4599-8
000 00952oam2 2200289 450
001 5621
005 20180528213347.67
010    @a978-7-5001-4599-8@dCNY18.00
100    @a20160826d2016 em y0chiy50 ea
101 2  @achi@aeng@ceng
102    @aCN@b110000
105    @ay z 000ay
200 1  @a野性的呼唤@9ye xing de hu huan@dThe call of the wild@f(美)杰克·伦敦著@g辛衍君,孙苏宁译@zeng
210    @a北京@c中译出版社@d2016
215    @a177页@d23cm
225 1  @a双语名著无障碍阅读丛书@e经典集锦
461  0 @12001 @a双语名著无障碍阅读丛书
510 1  @aCcall of the wild@zeng
606 0  @a英语@x汉语@j对照读物
606 0  @a中篇小说@y美国@z近代
690    @aH319.4:I712.44@v5
690    @aH319.4@v4
701  0 @c(美)@a杰克·伦敦@9jie ke lun dun@c(London, Jack@f1876~1916)@4著
702  0 @a辛衍君@9xin yan jun@c(女,@f1972~)@4译
702  0 @a孙苏宁@9sun su ning@4译
801  0 @aCN@b91MARC@c20160826
905    @aMuseLib@dH319.4@e1965
    
    野性的呼唤=The call of the wild/(美)杰克·伦敦著/辛衍君,孙苏宁译.-北京:中译出版社,2016
    177页;23cm.-(双语名著无障碍阅读丛书:经典集锦)
    
    
    ISBN 978-7-5001-4599-8:CNY18.00
    
●
相关链接 在E读中查询图书 在五车中查询图书 在当当中查询图书 在豆瓣中查询图书


正题名:野性的呼唤     索取号:H319.4/1965         预约/预借

序号 登录号 条形码 馆藏地/架位号 状态 备注
1 1114014   211140148   第二样本阅览室/ [索取号:H319.4/1965] 在馆    
2 1114015   211140157   教育系资料室/ [索取号:H319.4/1965] 在馆    
3 1114016   211140166   教育系资料室/ [索取号:H319.4/1965] 在馆    
4 1114017   211140175   第四借阅区/ [索取号:H319.4/1965] 在馆    
唐山师范学院图书馆 欢迎您!
大连网信软件有限公司© 版权所有